Mega Stones of Pokémon - Statistics

General Stats
  • This quiz has been taken 35 times
    15 since last reset
  • The average score is 74 of 92
Answer Stats
Pokémon Mega Stone % Correct
Venusaur Venusaurite
100%
Absol Absolite
92%
Aerodactyl Aerodactylite
92%
Aggron Aggronite
92%
Ampharos Ampharosite
92%
Blaziken Blazikenite
92%
Camerupt Cameruptite
92%
Charizard Charizardite X
92%
Charizard Charizardite Y
92%
Garchomp Garchompite
92%
Gengar Gengarite
92%
Gyarados Gyaradosite
92%
Latias Latiasite
92%
Latios Latiosite
92%
Meganium Meganiumite
92%
Metagross Metagrossite
92%
Pidgeot Pidgeotite
92%
Pinsir Pinsirite
92%
Scizor Scizorite
92%
Steelix Steelixite
92%
Swampert Swampertite
92%
Tyranitar Tyranitarite
92%
Absol Absolite Z
83%
Alakazam Alakazite
83%
Banette Banettite
83%
Beedrill Beedrillite
83%
Chimecho Chimechite
83%
Clefable Clefablite
83%
Emboar Emboarite
83%
Falinks Falinksite
83%
Froslass Froslassite
83%
Garchomp Garchompite Z
83%
Gardevoir Gardevoirite
83%
Golurk Golurkite
83%
Heatran Heatranite
83%
Kangaskhan Kangaskhanite
83%
Lopunny Lopunnite
83%
Lucario Lucarionite
83%
Malamar Malamarite
83%
Mawile Mawilite
83%
Medicham Medichamite
83%
Pyroar Pyroarite
83%
Salamence Salamencite
83%
Sceptile Sceptilite
83%
Skarmory Skarmorite
83%
Staraptor Staraptite
83%
Victreebel Victreebelite
83%
Abomasnow Abomasite
75%
Altaria Altarianite
75%
Audino Audinite
75%
Blastoise Blastoisinite
75%
Chesnaught Chesnaughtite
75%
Darkrai Darkranite
75%
Delphox Delphoxite
75%
Diancie Diancite
75%
Dragalge Dragalgite
75%
Dragonite Dragoninite
75%
Eelektross Eelektrossite
75%
Excadrill Excadrite
75%
Feraligatr Feraligite
75%
Eternal Flower Floette Floettite
75%
Gallade Galladite
75%
Greninja Greninjite
75%
Hawlucha Hawluchanite
75%
Heracross Heracronite
75%
Houndoom Houndoominite
75%
Lucario Lucarionite Z
75%
Manectric Manectite
75%
Meowstic Meowsticite
75%
Mewtwo Mewtwonite X
75%
Mewtwo Mewtwonite Y
75%
Raichu Raichunite X
75%
Raichu Raichunite Y
75%
Sableye Sablenite
75%
Scovillain Scovillainite
75%
Sharpedo Sharpedonite
75%
Slowbro Slowbronite
75%
Starmie Starminite
75%
Tatsugiri Tatsugirinite
75%
Zeraora Zeraorite
75%
Zygarde Zygardite
75%
Barbaracle Barbaracite
67%
Chandelure Chandelurite
67%
Crabominable Crabominite
67%
Drampa Drampanite
67%
Glalie Glalitite
67%
Glimmora Glimmoranite
67%
Golisopod Golisopite
67%
Magearna Magearnite
67%
Scolipede Scolipite
67%
Scrafty Scraftinite
67%
Baxcalibur Baxcalibrite
58%
No matching quizzes found
Score Distribution
Percent of People with Each Score
Percentile by Number Answered
Your Score History
You have not taken this quiz since the last reset